| 000 | 01594nam a2200277 a 4500 | ||
|---|---|---|---|
| 001 | 77778 | ||
| 003 | BD-RjUL | ||
| 005 | 20211209083024.0 | ||
| 008 | 210110s 1997bg ||||| m||| 00| 0 ben d | ||
| 035 | _a(BD-RjUL) 78004 | ||
| 040 |
_aBD-RjUL _bben /eng _cBD-RjUL _dBD-RjUL |
||
| 041 | _aben | ||
| 082 |
_a398.2095492 _bKHB 1997 _223 |
||
| 100 |
_aখাতুন, মোসা. মনোয়ারা _9243475 |
||
| 245 | 1 | 0 |
_aবাংলাদেশের লোক সাহিত্যে সমাজ / _cমোসা. মনোয়ারা খাতুন ; _6তত্ত্বাবধায়ক: মুহাম্মদ আবদুল খালেক |
| 260 |
_aরাজশাহী : _bবাংলা বিভাগ, রাজশাহী বিশ্ববিদ্যালয়, _c[১৯৯৭] |
||
| 300 |
_a[১১], ২৮৩ পাতা ; _c২৯ সেমি. |
||
| 502 | _aথিসিস (এম ফিল.) -- বাংলা বিভাগ, রাজশাহী বিশ্ববিদ্যালয়, [১৯৯৭] | ||
| 504 | _aগ্রন্থপঞ্জি: পাতা [২৭৬] - ২৮৩ | ||
| 650 |
_aলোকসাহিত্য, বাংলা _xইতিহাস ও সমালোচনা _9243486 |
||
| 650 |
_aFolk literature, Bengali _xHistory and criticism _9243487 |
||
| 650 |
_aসাহিত্যে সমাজ _9243488 |
||
| 650 |
_aSociety in literature _9243489 |
||
| 700 |
_aখালেক, মুহাম্মদ আবদুল, তত্ত্বাবধায়ক _9243478 |
||
| 942 |
_2ddc _cTHE |
||
| 999 |
_c77778 _d77778 |
||